| 000 | 00548nam a2200133Ia 4500 | ||
|---|---|---|---|
| 008 | 220620s9999||||xx |||||||||||||| ||und|| | ||
| 022 | _a16648714 | ||
| 100 | _aTsuguhito Ota | ||
| 245 | 0 | _aObesity-induced inflammation and insulin resistance | |
| 546 | _aEnglish[eng] | ||
| 650 | _apattern-recognition receptor||innate immunity||inflammation||Bariatric surgery||macrophage||Adipose Tissue||insulin resistance||obesity | ||
| 856 | _uhttp://journal.frontiersin.org/researchtopic/880/obesity-induced-inflammation-and-insulin-resistance | ||
| 942 | _cEB | ||
| 999 |
_c21683 _d21683 |
||